00519nam a2200169 i 4500001000700000003000900007007000300016008004100019100001600060245010300076260003400179300003000213490003500243700001800278830003200296852002100328124594ES-MaACLt|070409s1934 sp ||||1| spa d1 aKistner, A.10aHistoria de la física / cA. Kistner ; traducción de la 3ª edición alemana por Rodrigo Gil. aBarcelona : bLabor, c[1934] a367 p. : bil. ; c17 cm.1 aColección Labor ; v352, 3531 aGil, Rodrigo.00aColección Laborv352, 353 aES-MaACLjE-2834